00376nam a22001217a 4500008004100000040001800041041000800059100002700067245006800094260004600162300001800208500002800226130821s1909 enk gr eng  aCo-BoUCMbspa00aeng aRuskin, John,1819-190000aThe crown of Wild Olive and the ethics of the dustcJohn Ruskin aLondres (Inglaterra)bCassel and Coc1909 a311 páginas aNotas a pie de página